|
|
|
|
| LEADER |
01501nam a2200337 a 4500 |
| 001 |
00022330 |
| 008 |
110420s1994 bg w 000 0 mul d |
| 040 |
|
|
|a BD-DhAAL
|c BD-DhAAL
|
| 041 |
|
|
|a Eng
|a Ben
|
| 082 |
0 |
0 |
|a 348.5492/046
|2 22
|
| 999 |
|
|
|c 10735
|d 10735
|
| 999 |
|
|
|c 10735
|
| 130 |
0 |
|
|a DLR
|9 4086
|
| 245 |
0 |
4 |
|a The Dhaka law reports :
|b a monthly law journal,
|c Founder editor, Obaidul Huq Chowdhury, Chief editor, A. Muntaquim Chaudhury, editor, Shahabuddin Ahmed,
|n volume no. 46
|
| 246 |
1 |
7 |
|a The Dhaka Law Reports.
|
| 260 |
|
|
|a Dhaka :
|b Dhaka Law Reports,
|c 1994
|
| 300 |
|
|
|a Various pagings :
|c 25 cm.
|
| 362 |
0 |
|
|a Vol. XLVI, 1994
|
| 500 |
|
|
|a Cit. 46 DLR(AD);46 DLR etc.
|
| 500 |
|
|
|a "A journal of law reports."
|
| 500 |
|
|
|a Latest issue consulted: Vol.XLVI,January to December,1994
|
| 541 |
|
|
|e 00022330
|
| 590 |
|
|
|a Published yearly.
|
| 650 |
|
0 |
|a Law reports, digests, etc.
|z Bangladesh.
|9 4087
|
| 700 |
1 |
|
|a Chowdhury, Obaidul Haque.
|9 1137
|
| 700 |
1 |
|
|a Chaudhury, A. Muntaquim.
|9 4056
|
| 700 |
1 |
|
|a Ahmad, Shahabuddin.
|9 4057
|
| 852 |
4 |
|
|a Ayesha Abed Library
|j General shelf
|
| 942 |
|
|
|2 ddc
|c 1HOUR
|0 2
|
| 952 |
|
|
|0 0
|1 0
|2 ddc
|4 0
|6 348_549204600000000_DHA
|7 0
|8 REF
|9 16152
|a BRACUL
|b BRACUL
|c CIR
|d 2011-04-20
|l 20
|o 348.5492046 DHA
|p 3010022330
|r 2018-03-18
|s 2018-03-18
|t 1
|w 2011-04-20
|y 1HOUR
|x Available
|
| 952 |
|
|
|0 0
|1 4
|2 ddc
|4 0
|6 348_549204600000000_DHA
|7 0
|8 REF
|9 24011
|a BRACUL
|b BRACUL
|c REF
|d 2014-03-24
|l 0
|o 348.5492046 DHA
|p 3010020932
|r 2014-03-24
|t 2
|w 2014-03-24
|y 1HOUR
|x Koha Inventory 2020
|